Memoria 5to. Congreso Internacional IDEICE 2014 (Record no. 12493)
[ view plain ]
| 000 -LEADER | |
|---|---|
| campo de control de longitud fija | 01648nasaa22002051ia4500 |
| 005 - FECHA Y HORA DE LA ÚLTIMA TRANSACCIÓN | |
| campo de control | 20250210135448.0 |
| 008 - DATOS DE LONGITUD FIJA--INFORMACIÓN GENERAL | |
| campo de control de longitud fija | 250210b2015 dr ar|gdspspao00| z0spa d |
| 020 ## - NÚMERO INTERNACIONAL ESTÁNDAR DEL LIBRO | |
| Información calificativa | 2307-2393 |
| 040 ## - FUENTE DE CATALOGACIÓN | |
| Centro catalogador/agencia de origen | CGID0021 |
| Centro/agencia transcriptor | CGID0021 |
| Normas de descripción | rda |
| 082 04 - NÚMERO DE LA CLASIFICACIÓN DECIMAL DEWEY | |
| Número de clasificación | IDEICE RD 371.1 C749m 2014 |
| Información de edición | 21 |
| 110 ## - ENTRADA PRINCIPAL--NOMBRE DE ENTIDAD CORPORATIVA | |
| Nombre de entidad corporativa o nombre de jurisdicción como elemento de entrada | Instituto Dominicano de Evaluación e Investigación de la Calidad Educativa, IDEICE |
| 245 ## - MENCIÓN DEL TÍTULO | |
| Título | Memoria 5to. Congreso Internacional IDEICE 2014 |
| Resto del título | Profesión Docente una Decisión Social |
| 260 ## - PUBLICACIÓN, DISTRIBUCIÓN, ETC. | |
| Lugar de publicación, distribución, etc. | Santo Domingo : |
| Nombre del editor, distribuidor, etc. | Instituto Dominicano de Evaluación e Investigación de la Calidad Educativa |
| Fecha de publicación, distribución, etc. | 2015 |
| 300 ## - DESCRIPCIÓN FÍSICA | |
| Extensión | 253p. |
| 505 ## - NOTA DE CONTENIDO CON FORMATO | |
| Nota de contenido con formato | Uno de los propósitos del IDEICE, es organizar cada año su Congreso Internacional, el cual reúne personal de las diferentes áreas de la academia y actores del Sistema Nacional de Educación, con la tarea de generar debate sobre la problemática de la realidad educativa en nuestro país.<br/>Para su quinta edición, el Congreso Internacional del IDEICE 2014 tuvo como lema “Profesión docente: una decisión social”, donde especialistas de renombre internacional aportaron sus conocimientos en el campo teórico, asuntos de políticas públicas y así poder abordar las realidades del ejercicio de la profesión docente. En esta ocasión se expusieron las experiencias que acontecen en países latinoamericanos y de otros continentes, como es el caso China popular. |
| 650 ## - PUNTO DE ACCESO ADICIONAL DE MATERIA--TÉRMINO DE MATERIA | |
| Término de materia o nombre geográfico como elemento de entrada | Educación -- Sociedad, Modelos Educativos. |
| 700 ## - ENTRADA AGREGADA--NOMBRE PERSONAL | |
| Nombre de persona | Coordinadores : Julián Álvarez ; Luís Camilo Matos de León |
| 710 ## - ENTRADA AGREGADA--NOMBRE DE ENTIDAD CORPORATIVA | |
| Nombre de entidad corporativa o nombre de jurisdicción como elemento de entrada | Instituto Dominicano de Evaluación e Investigación de la Calidad Educativa |
| 942 ## - ELEMENTOS DE ENTRADA SECUNDARIOS (KOHA) | |
| Fuente de la clasificación o esquema de estantería | Clasificación Decimal Dewey |
| Tipo de ítem Koha | Revistas |
| Suprimir en OPAC | No |
| Estatus retirado | Estado de pérdida | Fuente de la clasificación o esquema de estantería | Estado de daño | No para préstamo | Biblioteca de origen | Biblioteca actual | Fecha de adquisición | Total de préstamos | Signatura topográfica completa | Visto por última vez | Identificador uniforme de recursos | Precio de reemplazo | Tipo de ítem Koha |
|---|---|---|---|---|---|---|---|---|---|---|---|---|---|
| Clasificación Decimal Dewey | Repositorio IDEICE | Repositorio IDEICE | 10/02/2025 | IDEICE RD 371.1 C749m 2014 | 10/02/2025 | https://ideice.gob.do/documentacion/publicaciones-id-p1-33-memoria-5to-congreso-internacional-ideice-2014 | 10/02/2025 | Revistas |